Винайдення Східної Європи: мапа цивілізації у свідомості епохи Просвітництва (Запис № 396098)

МАРК-запис
000 -Лідер
fixed length control field 02088nam a22002657a 4500
003 - Ідентифікатор контрольного номера
control field UA-OsUOA
005 - Дата та час останнього входження (трансакції)
control field 20210302163003.0
008 - Елементи даних фіксованої довжини – загальна інформація
fixed length control field 20150527b un ||||| |||| 00| 0 ukr d
020 ## - Міжнародний стандартний книжковий номер (ISBN)
Міжнародний стандартний книжковий номер (ISBN) (НП) 9668978218
040 ## - Джерело каталогізації
Агенція оригінальної каталогізації UA-OsUOA
Мова каталогізації ukr
Агенція, яка здійснювала перезапис UA-OsUOA
Агенція, яка здійснювала модифікацію UA-OsUOA
041 ## - Код мови
Код мови тексту/ звукової доріжки чи окремого заголовка (П) ukr
080 ## - Індекс Універсальної десяткової класифікації
Індекс Універсальної десяткової класифікації (УДК) (НП) 94(4)
090 ## - Локальний шифр розміщення
Класифікаційний індекс УДК 94(4)
Авторський знак (НП) В88
100 ## - Основне введення – ім’я особи
Ім’я особи (НП) Вулф Л.
245 ## - Відомості про назву
Назва (НП) Винайдення Східної Європи: мапа цивілізації у свідомості епохи Просвітництва
Дані про відповідальність (НП) Ларі Вулф
246 ## - Інша форма назви
Назва (НП) Inventing Eastern Europe: the Map of Civilization on the Mind of the Enlightenment
260 ## - Публікація, розповсюдження і т.п. (Вихідні дані)
Місце публікації, розповсюдження і т.п. (П) Київ
Ім’я/ наймення видавництва, розповсюджувача і т.п. (П) Критика
Дата публікації, розповсюдження і т.п. (П) 2009
300 ## - Фізичний опис
Обсяг 592 с.
490 ## - Область серії
Назва серії Критичні студії
520 ## - Резюме і т.п.
Резюме, реферат, анотація, тощо (НП) Ларі Вулф досліджує витоки концептуального поділу Європи на Східну та Західну, що його спершу винайшли мандрівники та мислителі доби Просвітництва, а відтак уречевили картографи та політики. Перш ніж з’явитися на мапі, Східна Європа постала в свідомості людини Просвітництва, констатуючись у процесах входження, заволодіння, уявляння, картографування, звернення і залюднення, що були результатом химерних поєднань уяви, інтересу та об’єктивного факту. Цей інтелектуальний продукт XVIII сторіччя пережив епоху свого народження і, збігшись із геополітичними реаліями XX сторіччя, породив культурно-філософські аномалії, наслідки яких не подолано досі.
650 #7 - Додаткове предметне введення – тематичний термін
Тематичний термін чи географічна назва, як елемент введення (НП) 94 Історія
Джерело заголовка чи терміна UDC
942 ## - Додаткові елементи входу (Коха)
Тип елемента Koha Книги
Source of classification or shelving scheme Universal Decimal Classification
955 ## - Код типу видання за змістом
Код типу видання за змістом (НП) Наукові видання
Фонди
Стан вилучень Стан втрат Джерело класифікації або схеми стелажів Стан уражень Не для кредиту Постійне місце розташування Поточне розміщення Дата придбання Джерело придбання Вартість, звичайна ціна покупки Інвентарний номер Усього замовленно Повний номер виклику Штрих-код Дата останнього перегляду Ціна ефективна від Тип елемента Koha Вартість, ціна заміни
    Universal Decimal Classification     ЧЗ - Читальна зала ЧЗ - Читальна зала 27/05/2015 22/2015 30.00 148153   94(4) В88 148153 07/02/2022 27/05/2015 Книги  
    Universal Decimal Classification     ЧЗ - Читальна зала ЧЗ - Читальна зала 13/02/2021 №5/12.02.2021 50.00     94(4) В88 163295 07/02/2022 23/02/2021 Книги 50.00